Regulatory policy and governance supporting economic growth and serving the public interest

Gespeichert in:
Bibliographische Detailangaben
Format: Buch
Sprache:Englisch
Veröffentlicht: Paris OECD 2011
Schlagworte:
Tags: Tag hinzufügen
Keine Tags, Fügen Sie das erste Tag hinzu!

MARC

LEADER 00000nam a2200000 4500
001 0168043
005 20221108071405.9
020 |a 978-92-64-11656-6 
041 0 |a eng 
044 |a FR 
245 1 0 |a Regulatory policy and governance  |b supporting economic growth and serving the public interest 
264 1 |a Paris  |b OECD  |c 2011 
300 |a 150 s. 
610 2 0 |a politika hospodárska 
610 2 0 |a politika energetická 
610 2 0 |a spotreba energie 
610 2 0 |a trh energetický 
610 2 0 |a rast hospodársky 
610 2 0 |a rozvoj trvalo udržateľný